Statistics and chemometrics for analytical chemistry
Saved in:
| Main Author: | |
|---|---|
| Other Authors: | |
| Format: | Book |
| Language: | Vietnamese English |
| Published: |
New York
Pearson/Prentice Hall
2005
|
| Edition: | fifth edition |
| Subjects: | |
| Tags: |
Add Tag
No Tags, Be the first to tag this record!
|
| Institutions: | Trung tâm Học liệu Lê Vũ Hùng, Trường Đại học Đồng Tháp |
|---|
| LEADER | 00868pam a22002658a 4500 | ||
|---|---|---|---|
| 001 | 00043969 | ||
| 005 | 20190405080415.0 | ||
| 008 | 110729s1999 ||||||viesd | ||
| 020 | # | # | |c 37000 |a 0131291920 |
| 041 | 0 | # | |a eng |
| 082 | 1 | 4 | |b ST110A |a 543 |
| 100 | 1 | # | |a Miller, James N. |
| 245 | 1 | 0 | |a Statistics and chemometrics for analytical chemistry |c James N. Miller, Jane C. Miller. |
| 250 | # | # | |a fifth edition |
| 260 | # | # | |b Pearson/Prentice Hall |c 2005 |a New York |
| 300 | # | # | |c 27 cm. |a xvi, 268 p. |
| 500 | # | # | |a photo |
| 653 | # | # | |a Cơ bản |
| 653 | # | # | |a Hóa học phân tích |
| 653 | # | # | |a Phản ứng hóa học |
| 653 | # | # | |a Thống kê |
| 700 | 1 | # | |a Miller, Jane C. |
| 852 | # | # | |j KM.0028421 |j KM.0028420 |j KM.0028423 |j KM.0028422 |j KD.0025220 |
| 910 | 0 | # | |d 5/4/2019 |
| 980 | # | # | |a Trung tâm Học liệu Lê Vũ Hùng, Trường Đại học Đồng Tháp |


